| 000 | 00620nam a22001815i 4500 | ||
|---|---|---|---|
| 001 | 183728 | ||
| 003 | ES-MaACL | ||
| 005 | 20250630032911.0 | ||
| 008 | 141003s1915 sp |||| | spa d | ||
| 080 | _a336.71(460.27 M.)(060.55) | ||
| 110 | 2 |
_aBanco de España _92104 |
|
| 245 | 1 | 0 | _aMemoria leída en la Junta General de Accionistas del Banco de España los días 2 y 7 de marzo de 1915. |
| 260 |
_aMadrid : _b[s.n.], _c1915 ( _fImpr. de Bernardo Rodríguez) |
||
| 300 |
_a91 p. ; _c29 cm. |
||
| 610 | 2 | 4 |
_aBanco de España- _vMemorias. _9144683 |
| 852 |
_aES-MaACL _jT-1457-F-7 |
||
| 999 |
_c183728 _d183728 |
||